00650nam a2200169Ia 4500001000700000003000500007008004100012010001100053040000900064100003600073245016400109260004100273300001000314502007600324650002700400650005300427Z_1883CHAP220113s1998 xx 000 0 und d a164977 cCHAP aRuiz Olvera, Angélica María aEstudio para el establecimiento de una planta de alimentos balanceados en el Rayo municipio de Arroyo Seco, Querétaro /cpor Angélica María Ruiz Olvera aChapingo, Méx. :bEl autor,c1998 a94 h. aTesis (Ing. Agr. Esp. en Zootecnia) -- UACH. Departamento de Zootecnia aAlimentos balanceados  aAlimentos y alimentación del ganadoxIndustria